000 00641nam a22002297a 4500
003 UA-OsUOA
001 41188
007 ta
008 20060918b un ||||| |||| 00| 0 ukr d
100 _aОсипов К.
090 _a821. 161. 1
_bО - 74
942 _cBK
040 _aUA-OsUOA
_brus
_cUA-OsUOA
_dUA-OsUOA
245 _aТри победы
_bИсторические рассказы
300 _a410 с.
955 _a3
041 _arus
080 _a821. 161. 1
260 _aМ.
_bСоветский писатель
_c1961
650 7 _a82 Література. Літературознавство
_2UDC
999 _c327332
_d327332